| 000 | 00369nam a2200145Ia 4500 | ||
|---|---|---|---|
| 008 | 230917s9999||||xx |||||||||||||| ||und|| | ||
| 040 |
_e106918 _aMAIN |
||
| 041 | _aEnglish | ||
| 082 | _a355.00954 M599M | ||
| 100 | _aRaj, Kumar ed. | ||
| 245 | 0 | _aMilitary System of independent India | |
| 260 |
_aNew Delhi _bCommon Wealth _c2004 |
||
| 300 | _a372p p. | ||
| 942 | _cBK | ||
| 999 |
_c121277 _d121277 |
||